000
00342nam a2200157Ia 4500
100
_a
Ambawade/Dayanand/ Shah Deven
650
_a
Network
942
_c
BK
366
_f
25
245
_a
Advanced computer Network
260
_b
Dreamtech Press
_c
2013
082
_a
4.6
_b
AMB
300
_a
376
546
_a
ENGLISH
_c
Computers
999
_c
25194
_d
25194